MDQL
is popping MORE tags! Check the
thread
!
Quizzes
Events
Quiz Creation
Community
Videos
Private Events
Remove Ads
Sign In
Join for FREE
Feedback
Dark Mode
Quiz Categories
Sports
Geography
Music
Movies
Television
Just For Fun
Miscellaneous
History
Literature
Language
Science
Gaming
Entertainment
Religion
Holiday
For Kids
Quiz Lab
Recent
Popular Today
Quiz Kudos Today
Editor Picks
Curator Picks
Quizzes by...
Day
Popularity
Type
Ratings
Length
Year
Community
Subscriptions
Recent Discussions
Orange Saloon
Badges
Playlists
Quests
Create
Leaderboards
Showdown
Live 5
Trivia Bingo
Activity
Puzzle Library
Sporcle Events
Private Events
Virtual Trivia
Globe League
Become a Host
Pub Owners
SporcleCon
Opinionation
Our Games
Videos
Blog
Mobile Apps
Partnerships
Remove Ads and Go Orange
Feedback
Music
Pop Music
The Beatles
Song
Album
Lyrics
Bands
Singers
Artist
Clip
Rock
Rap
Classical
Billboard
Country Music
Kpop
Taylor Swift
Music
Pop Music
The Beatles
Song
Album
Lyrics
Bands
Singers
Artist
Clip
Rock
Rap
Classical
Billboard
Country Music
Kpop
Taylor Swift
Random Quiz
Search Sporcle
×
Quiz Lab
Quiz Lab
Music
Maybe
Type in answers that appear in a list
Type in answers that appear in a list
Classic
Best Score? Go Orange.
Call Me Maybe Lyrics Stats
Can you name the Call Me Maybe Lyrics?
By
seanewt
5m
15 Questions
1,040 Plays
1,040 Plays
1,040 Plays
Comments
Comments
Give Quiz Kudos
Give Quiz Kudos
-
- Ratings
hide this ad
Replay
Link that replays current quiz
Next Quiz
Link to next quiz in quiz playlist
You Got
0%
They Got
Avg Score
91%
Avg Friend Score
Upgrade to see
Score Distribution
Jump to the score distribution portion of the page
Score
0/15
Timer
05:00
0
Plays Today
lyrics
missing lyric(s)
% Correct
I threw a wish in the _
_
_
_
well
98.4%
and this is _
_
_
_
_
,
crazy
95.7%
so _
_
_
_
_
_
, maybe?
call me
95.7%
Hey, I just _
_
_
_
_
_
,
met you
95.2%
Where you think you're _
_
_
_
_
, baby?
going
94.3%
but _
_
_
_
'_
_
_
_
_
_
_
_
_
,
here's my number
93.9%
Hot night, _
_
_
_
was blowin'
wind
92.7%
and now you're in _
_
_
_
_
my way
92.2%
lyrics
missing lyric(s)
% Correct
Don't _
_
_
_
_
, I'll never tell
ask me
91.7%
but now you're in my _
_
_
way
91.6%
I looked to you as it _
_
_
_
fell
90.7%
_
_
_
_
_
_
_
and dimes for a kiss
pennies
90.3%
Your stare was holdin', _
_
_
_
_
_
_
_
_
_
_
, skin was showin
ripped jeans
86.8%
I wasn't _
_
_
_
_
_
_
for this
looking
84.2%
I trade _
_
_
_
_
_
for a wish,
my soul
73.8%
Quiz Playlist
Details
Report
Send in Message
Add To Playlist
Classic:
Type in answers that appear in a list
Last Updated: Feb 16, 2017
Quiz Scoreboard
CHALLENGE
Sign Up to Join the Scoreboard
Show All
Scores
Hide
Comments
May contain spoilers
Recently Published
1-10 Letter E Words III
by El_Dandy
Language
2m
Street Fighter Characters
by Artimus82
Gaming
60s
College Basketball Coaching Resumes
by pancakes188
Sports
9m
More to Explore
Quiz From the Vault
Featured Blog Post
Where Did the Easter Bunny Come From?
hide this ad
You Might Also Like...
Tags
Maybe
Today's Top Quizzes in Music
Browse Music
hide this ad
Today's Top Quizzes in Maybe
Browse Maybe
Top Contributed Quizzes in Music
1
Taylor Swift All Songs (2024)
2
Taylor Swift Logic Puzzle
3
Guess the Artist- 70s Songs
4
7-to-1: Billboard Hot 100 #1 Hits of 2010s
5
Sorting Albums and Songs
6
KPOP LOGIC QUIZ
7
Billboard Blitz: Aretha Franklin
8
Guess the Taylor Swift song (Mystery Song)
9
Guess The Taylor Swift Lyrics Song #1
10
Billboard Blitz: ABBA
Explore More
Trending Topics
Kpop
Disney
Marvel
Anime
NBA
Crossword
Harry Potter
Puzzle
Soccer
Pokémon
The Office
NFL
Country
WWE
Song
hide this ad
More By:
seanewt
Quiz
Plays
Rating
Category
Featured
Created
Call Me Maybe Lyrics
1,040
3.25
Music
Feb 25, 2012
Go to Creator's Profile
Score Distribution
Quiz Creator Spotlight
seanewt
Follow
Send a Message
Quizzes Created
-
Created Quiz Play Count
-
More By This Creator
Popular Quizzes Today
1
Find the US States - No Outlines Minefield
2
Find the Countries of Europe - No Outlines Minefield
3
Find the US States
4
The Countries of the World
5
Risky Map Clicking: Biggest States A-Z
6
US States
7
Popular People in 1961
8
Movies - When Are They Set?
More Music Quizzes
🐴 100+ 'H' Words in Song Titles
Quiz Lab
Trending Quizzes
Risky Map Clicking: Least Populous States A-Z
1-10 Letter G Words
Countries of the World: 200 Million BC
1-10 Letter F Words
Risky Map Clicking: Next State Alphabetically
Recently Updated
Largest US Cities 1790-2010
pecheneg
Rides in Walt Disney World
pecheneg
Most Oscar Losses (Acting)
pecheneg
Beyoncé Albums
pecheneg
Leaping Animals
pecheneg
Reality TV Shows (A-Z)
bhenderson79
Rickey Henderson's Hall of Fame Teammates
pecheneg
Champions League XIs: Arsenal
pecheneg
Quick Pick: Celebrities in WWE's Hall of Fame
aduchscher
A-Z Keypad Blitz II
pecheneg
Trending Topics
Marvel
Disney
NBA
Harry Potter
Kpop
Crossword
Anime
Song
Puzzle
WWE
The Office
NFL
Country
Soccer
Pokémon
Your Account Isn't Verified!
In order to create a playlist on Sporcle, you need to verify the email address you used during registration. Go to your
Sporcle Settings
to finish the process.
Report this User
Report this user for behavior that violates our
Community Guidelines
.
Details:
Send Report
Go to the Sporcle.com Mobile Site →
Comments